[Event "Poznan op 24th"]
[Site "Poznan"]
[Date "2016.08.14"]
[Round "8"]
[White "Jarmuzek, Karolina"]
[Black "Budnik, Mateusz"]
[Result "0-1"]
[WhiteElo "1727"]
[BlackElo "1986"]
[PlyCount "160"]
[EventDate "2016.08.08"]
[EventType "swiss"]
[EventRounds "9"]
[EventCountry "POL"]
[SourceTitle "EXT 2017"]
[Source "ChessBase"]
[SourceDate "2016.10.25"]
[SourceVersion "1"]
[SourceVersionDate "2016.10.25"]
[SourceQuality "1"]

1. e4 c5 2. Nf3 e6 3. d4 cxd4 4. Nxd4 a6 5. Bd3 Qb6 6. c3 Bc5 7. 0-0 Bxd4 8. cxd4 Qxd4 9. Nc3 Nc6 10. Be3 Qd6 11. Qe2 Nge7 12. Rad1 Qc7 13. f4 0-0 14. Qg4 f5 15. Qh3 d5 16. exd5 exd5 17. Bb1 Be6 18. Kh1 Rad8 19. Ne2 Nc8 20. Nd4 Nxd4 21. Bxd4 Qf7 22. Rf3 Ne7 23. Rc3 Nc6 24. Bb6 Rd7 25. a4 d4 26. Rf3 Bd5 27. Rf2 Be4 28. Rfd2 Bxb1 29. Rxb1 Qa2 30. Re1 Re7 31. Red1 Re3 32. Qh4 Re4 33. a5 Rfe8 34. h3 Nxa5 35. Rxd4 Rxd4 36. Bxd4 Qf7 37. Bc3 Nc6 38. Qf2 h6 39. Rd3 Re7 40. Qd2 Qe6 41. Rd6 Qe3 42. Qd5+ Rf7 43. Bd2 Qe4 44. Qb3 Qe7 45. Qd3 Kh7 46. Qd5 Rf6 47. Rd7 Qe6 48. Qxe6 Rxe6 49. Rxb7 Nd4 50. Bc3 Rd6 51. Ra7 Ne6 52. Kh2 Kg6 53. Be5 Rb6 54. Kg3 Kh5 55. Bc3 g5 56. fxg5 hxg5 57. Rh7+ Kg6 58. Ra7 Nc5 59. Kh2 Ne4 60. Bd4 Rd6 61. Be5 Re6 62. Bd4 f4 63. Rg7+ Kh6 64. Rg8 Ng3 65. Rh8+ Kg6 66. Rg8+ Kf5 67. Rf8+ Ke4 68. Bf2 Ne2 69. g3 Kf3 70. gxf4 Nxf4 71. Bg1 Re2+ 72. Kh1 Rxb2 73. Rf5 Rb5 74. Rf6 Ra5 75. Rf7 Ra1 76. Rf5 g4 77. hxg4 Kxg4 78. Rf8 Nh3 79. Rg8+ Kf5 80. Kh2 Rxg1 0-1

[Event "Poznan op 24th"]
[Site "Poznan"]
[Date "2016.08.12"]
[Round "5"]
[White "Chmiel, Marcin"]
[Black "Jarmuzek, Karolina"]
[Result "1/2-1/2"]
[WhiteElo "2194"]
[BlackElo "1727"]
[PlyCount "144"]
[EventDate "2016.08.08"]
[EventType "swiss"]
[EventRounds "9"]
[EventCountry "POL"]
[SourceTitle "CBM 173 Extra"]
[Source "ChessBase"]
[SourceDate "2016.08.29"]
[SourceVersion "1"]
[SourceVersionDate "2016.08.29"]
[SourceQuality "1"]

1. e4 c5 2. Nf3 Nc6 3. d4 cxd4 4. Nxd4 Nf6 5. Nc3 d6 6. Bc4 e6 7. Be3 Be7 8. Bb3 0-0 9. 0-0 Bd7 10. f4 Nxd4 11. Bxd4 Bc6 12. Qe2 b5 13. Nxb5 Bxb5 14. Qxb5 Nxe4 15. f5 d5 16. fxe6 fxe6 17. c4 Nd2 18. Rxf8+ Bxf8 19. cxd5 Nxb3 20. axb3 Qxd5 21. Qxd5 exd5 22. Rxa7 Rxa7 23. Bxa7 Kf7 24. Kf2 Ke6 25. Ke3 g6 26. Bd4 Bd6 27. h3 h5 28. Bc3 Bc5+ 29. Kd3 Kd7 30. b4 Bb6 31. Bd4 Bc7 32. b5 Bb8 33. Kc3 Ke6 34. g4 Bd6 35. Kb3 Kd7 36. Ka4 Kc7 37. gxh5 gxh5 38. Ka5 Kb7 39. b6 Be7 40. Kb5 Bd6 41. Bf6 Bf8 42. Be5 Be7 43. Bc7 Bf8 44. Be5 Be7 45. Bd4 Bd6 46. Ka4 Kc6 47. Kb3 Be7 48. Kc3 Bd6 49. Kd3 Kd7 50. Ke3 Kc6 51. Kf3 Kd7 52. Be3 Kc6 53. b3 Kb7 54. Ke2 Kc6 55. Kd3 Be5 56. Bf2 Kb7 57. Bd4 Bd6 58. Kc3 Kc6 59. Kd3 Kb7 60. Ke3 Kc6 61. Kf3 Kb7 62. Be3 Kc6 63. h4 Kb7 64. Bd4 Kc6 65. Be3 Kb7 66. Bf4 Be7 67. Bg5 Bd6 68. Bd8 Be5 69. Bc7 Bf6 70. Bg3 Kxb6 71. Kf4 Kb5 72. Kf5 Bxh4 1/2-1/2

[Event "Poznan op 24th"]
[Site "Poznan"]
[Date "2016.08.09"]
[Round "2"]
[White "Gajewski, Zbigniew"]
[Black "Jarmuzek, Karolina"]
[Result "0-1"]
[WhiteElo "1435"]
[BlackElo "1727"]
[PlyCount "64"]
[EventDate "2016.08.08"]
[EventType "swiss"]
[EventRounds "9"]
[EventCountry "POL"]
[SourceTitle "CBM 173 Extra"]
[Source "ChessBase"]
[SourceDate "2016.08.29"]
[SourceVersion "1"]
[SourceVersionDate "2016.08.29"]
[SourceQuality "1"]

1. e4 c5 2. Nf3 Nc6 3. d4 cxd4 4. Nxd4 Nf6 5. Nc3 d6 6. Be2 e5 7. Nb3 Be7 8. 0-0 0-0 9. Be3 a5 10. a4 Nb4 11. f4 Qc7 12. Rc1 b6 13. f5 Bb7 14. Nd2 d5 15. exd5 Nbxd5 16. Nxd5 Nxd5 17. Bf2 Rad8 18. Bf3 Bg5 19. Qe1 Nb4 20. Be3 Bf6 21. Bxb7 Qxb7 22. Nc4 Nd5 23. b3 Qc7 24. Qf2 Rb8 25. Rcd1 Nxe3 26. Qxe3 b5 27. axb5 Rxb5 28. Ra1 Rd8 29. Qe1 Rdd5 30. Rf3 h6 31. Qe2 e4 32. Qxe4 Bxa1 0-1

[Event "Poznan op 23rd"]
[Site "Poznan"]
[Date "2015.08.16"]
[Round "8"]
[White "Jarmuzek, Karolina"]
[Black "Kaluzny, Stanislaw"]
[Result "1-0"]
[WhiteElo "1767"]
[BlackElo "1251"]
[PlyCount "111"]
[EventDate "2015.08.10"]
[EventType "swiss"]
[EventRounds "9"]
[EventCountry "POL"]
[SourceTitle "CBM 167 Extra"]
[Source "ChessBase"]
[SourceDate "2015.09.14"]
[SourceVersion "1"]
[SourceVersionDate "2015.09.14"]
[SourceQuality "1"]

1. e4 c5 2. Nf3 Nc6 3. d4 cxd4 4. Nxd4 Nf6 5. Nc3 d6 6. Bg5 e6 7. Qd2 a6 8. 0-0-0 Bd7 9. f4 b5 10. Bxf6 gxf6 11. Kb1 b4 12. Nce2 Qb6 13. Nxc6 Bxc6 14. f5 e5 15. Ng3 Qc5 16. Be2 a5 17. Rhe1 Ke7 18. Qd3 Bh6 19. Qc4 Qb6 20. Bh5 Rhf8 21. Nf1 Rac8 22. Qd3 Bb5 23. Qf3 Qc5 24. Ne3 Bxe3 25. Qxe3 Qxc2+ 26. Ka1 Qc5 27. Qh6 Rh8 28. Rd5 Qc4 29. Red1 Ba4 30. Rxd6 Bxd1 31. Qxf6+ Kf8 32. Qxh8+ Ke7 33. Qxe5+ Kf8 34. Qh8+ Ke7 35. Qf6+ Kf8 36. Rd8+ Rxd8 37. Qxd8+ Kg7 38. Qxd1 a4 39. e5 a3 40. Qg4+ Qxg4 41. Bxg4 Kh6 42. Be2 Kg5 43. g4 h6 44. bxa3 bxa3 45. Kb1 h5 46. h3 hxg4 47. hxg4 Kh6 48. Kc2 Kg7 49. Kb3 Kf8 50. Kxa3 Ke7 51. Kb4 f6 52. exf6+ Kxf6 53. a4 Ke7 54. a5 Kd7 55. a6 Ke7 56. f6+ 1-0

[Event "Poznan op 23rd"]
[Site "Poznan"]
[Date "2015.08.15"]
[Round "7"]
[White "Ciesinska, Weronika"]
[Black "Jarmuzek, Karolina"]
[Result "1/2-1/2"]
[WhiteElo "1389"]
[BlackElo "1767"]
[PlyCount "83"]
[EventDate "2015.08.10"]
[EventType "swiss"]
[EventRounds "9"]
[EventCountry "POL"]
[SourceTitle "CBM 167 Extra"]
[Source "ChessBase"]
[SourceDate "2015.09.14"]
[SourceVersion "1"]
[SourceVersionDate "2015.09.14"]
[SourceQuality "1"]

1. e4 c5 2. Nc3 Nc6 3. f4 g6 4. Nf3 Bg7 5. Bb5 Nd4 6. 0-0 Nxb5 7. Nxb5 d5 8. e5 a6 9. Nc3 e6 10. d3 Ne7 11. Qe1 Bd7 12. a3 Rc8 13. Qf2 h5 14. d4 c4 15. Ne2 Qb6 16. Rb1 Qd8 17. Qh4 Nf5 18. Qxd8+ Rxd8 19. Bd2 Bb5 20. Kf2 Kd7 21. h3 h4 22. Ra1 c3 23. Bxc3 Bxe2 24. Kxe2 Ng3+ 25. Kd3 Nxf1 26. Rxf1 f6 27. Be1 fxe5 28. dxe5 Rhf8 29. Nxh4 g5 30. Ng6 Rf7 31. Rf3 gxf4 32. Bc3 Rf5 33. Rxf4 Rxf4 34. Nxf4 Rh8 35. Ke3 Bh6 36. Kf3 Bxf4 37. Kxf4 Rg8 38. g4 Ke7 39. h4 Kf7 40. h5 Kg7 41. Bb4 Kh6 42. Bd2 1/2-1/2

[Event "Poznan op 23rd"]
[Site "Poznan"]
[Date "2015.08.12"]
[Round "3"]
[White "Purczynski, Andrzej"]
[Black "Jarmuzek, Karolina"]
[Result "0-1"]
[WhiteElo "1432"]
[BlackElo "1767"]
[PlyCount "110"]
[EventDate "2015.08.10"]
[EventType "swiss"]
[EventRounds "9"]
[EventCountry "POL"]
[SourceTitle "CBM 167 Extra"]
[Source "ChessBase"]
[SourceDate "2015.09.14"]
[SourceVersion "1"]
[SourceVersionDate "2015.09.14"]
[SourceQuality "1"]

1. b4 e5 2. Bb2 Bxb4 3. Bxe5 Nf6 4. Bb2 Nc6 5. Nf3 0-0 6. e3 d5 7. Be2 Be7 8. 0-0 Bf5 9. c4 dxc4 10. Bxc4 Nb4 11. Nd4 Bd3 12. Bxd3 Nxd3 13. Qb3 Nxb2 14. Qxb2 c5 15. Nf3 b6 16. d4 cxd4 17. Nxd4 Rc8 18. Nd2 Bc5 19. N2b3 Qe7 20. Rfd1 Ba3 21. Qe2 Ne4 22. Nb5 Nc3 23. Nxc3 Rxc3 24. Rd3 Rxd3 25. Qxd3 Rd8 26. Qe2 g6 27. Rd1 Qc7 28. Rxd8+ Qxd8 29. g3 Bf8 30. Nd4 Bg7 31. Qc4 Qd7 32. a4 h5 33. h4 Bxd4 34. Qxd4 Qxd4 35. exd4 Kf8 36. Kf1 Ke7 37. Ke2 Kd6 38. Kd3 Kd5 39. f3 f5 40. Kc3 a6 41. Kd3 b5 42. a5 b4 43. f4 b3 44. Kc3 b2 45. Kxb2 Kxd4 46. Kb3 Kc5 47. Ka4 Kc4 48. Ka3 Kb5 49. Kb3 Kxa5 50. Kc4 Kb6 51. Kd5 a5 52. Ke6 a4 53. Kf6 a3 54. Kxg6 a2 55. Kxf5 a1Q 0-1

[Event "POL-chT3 Wielkopolskie 1415"]
[Site "Poland"]
[Date "2014.12.07"]
[Round "3.15"]
[White "Jarmuzek, Karolina"]
[Black "Adamowicz, Maciej"]
[Result "0-1"]
[WhiteElo "1840"]
[BlackElo "2072"]
[PlyCount "76"]
[EventDate "2014.11.30"]
[EventType "team-tourn"]
[EventRounds "11"]
[EventCountry "POL"]
[SourceTitle "EXT 2019"]
[Source "ChessBase"]
[SourceDate "2018.10.10"]
[SourceVersion "1"]
[SourceVersionDate "2018.10.10"]
[SourceQuality "1"]

1. e4 g6 2. d4 Bg7 3. Nf3 d6 4. Nc3 a6 5. Be3 Nd7 6. Qd2 b5 7. a3 Bb7 8. d5 c5 9. dxc6 Bxc6 10. Nd4 Bb7 11. Be2 Nb6 12. 0-0 Nf6 13. f3 0-0 14. Bf2 Qc7 15. a4 Nc4 16. Qc1 b4 17. Na2 d5 18. exd5 Nxd5 19. c3 bxc3 20. Nxc3 Nf4 21. Bxc4 Qxc4 22. Qxf4 e5 23. Qd2 exd4 24. Ne2 Rad8 25. Rfc1 Qd5 26. b4 d3 27. Nc3 Qh5 28. Re1 Rc8 29. Rac1 Rfd8 30. Bc5 Be5 31. h3 Qf5 32. Be3 Qf6 33. Na2 Qd6 34. Bc5 Rxc5 35. bxc5 Qd4+ 36. Kh1 Bf4 37. Qd1 d2 38. Re2 dxc1Q 0-1

[Event "Poznan op 22nd"]
[Site "Poznan"]
[Date "2014.08.15"]
[Round "8"]
[White "Jarmuzek, Karolina"]
[Black "Andrzejewska, Anna"]
[Result "1/2-1/2"]
[WhiteElo "1772"]
[BlackElo "1988"]
[PlyCount "62"]
[EventDate "2014.08.09"]
[EventType "swiss"]
[EventRounds "9"]
[EventCountry "POL"]
[SourceTitle "CBM 161 Extra"]
[Source "ChessBase"]
[SourceDate "2014.08.29"]
[SourceVersion "1"]
[SourceVersionDate "2014.08.29"]
[SourceQuality "1"]

1. e4 e5 2. Nf3 Nc6 3. Bb5 a6 4. Ba4 Nf6 5. d4 exd4 6. 0-0 Be7 7. e5 Ne4 8. Nxd4 Nc5 9. Nf5 Ne6 10. Bb3 g6 11. Nxe7 Qxe7 12. f4 d6 13. exd6 Qxd6 14. Qxd6 cxd6 15. Nc3 Ncd4 16. Be3 Nxb3 17. axb3 0-0 18. Rad1 Bd7 19. Rxd6 Bc6 20. Bb6 Ng7 21. Rd2 h5 22. Re1 Nf5 23. g3 Kg7 24. Kf2 Rfe8 25. Rxe8 Rxe8 26. Re2 Rc8 27. h3 Bd7 28. Kg2 Rc6 29. Bf2 Re6 30. Rd2 b5 31. Ne2 Kf8 1/2-1/2

[Event "POL-chT U19 2nd League"]
[Site "Szczyrk"]
[Date "2014.08.01"]
[Round "10.107"]
[White "Mielczarek, Joanna"]
[Black "Jarmuzek, Karolina"]
[Result "1-0"]
[WhiteElo "1562"]
[BlackElo "1742"]
[PlyCount "81"]
[EventDate "2014.07.25"]
[EventType "team-swiss"]
[EventRounds "11"]
[EventCountry "POL"]
[SourceTitle "EXT 2015"]
[Source "ChessBase"]
[SourceDate "2014.11.20"]
[SourceVersion "1"]
[SourceVersionDate "2014.11.20"]
[SourceQuality "1"]
[WhiteTeam "Czestochowa UKS Hetman U19"]
[BlackTeam "Poznan UMKS Na Pieterku U19"]
[WhiteTeamCountry "POL"]
[BlackTeamCountry "POL"]

1. e4 c5 2. Nf3 Nc6 3. d4 cxd4 4. Nxd4 Nf6 5. Nc3 d6 6. Be2 e5 7. Nb3 Be7 8. 0-0 0-0 9. Be3 a5 10. Nd2 d5 11. exd5 Nxd5 12. Nxd5 Qxd5 13. Nc4 Qxd1 14. Rfxd1 Be6 15. c3 f5 16. Bb6 Kh8 17. Nd6 e4 18. Bc4 Bxc4 19. Nxc4 Bd8 20. Rd7 Bxb6 21. Nxb6 Rab8 22. Rad1 Rfd8 23. Rxd8+ Rxd8 24. Rxd8+ Nxd8 25. Nc4 Nc6 26. Nd6 b6 27. Nxf5 Ne5 28. Nd6 Nd3 29. b3 Nc1 30. Nxe4 Nxa2 31. Kf1 Nc1 32. Nd2 Kg8 33. Ke1 Nd3+ 34. Ke2 Nc5 35. Ke3 Kf7 36. Kd4 Ke6 37. Kc4 Kd6 38. Kb5 Kc7 39. b4 axb4 40. cxb4 Kb7 41. bxc5 1-0

[Event "POL-chT U19 2nd League"]
[Site "Szczyrk"]
[Date "2014.07.28"]
[Round "6.89"]
[White "Jarmuzek, Karolina"]
[Black "Dwilewicz, Agata"]
[Result "1-0"]
[WhiteElo "1742"]
[BlackElo "1540"]
[PlyCount "127"]
[EventDate "2014.07.25"]
[EventType "team-swiss"]
[EventRounds "11"]
[EventCountry "POL"]
[SourceTitle "EXT 2015"]
[Source "ChessBase"]
[SourceDate "2014.11.20"]
[SourceVersion "1"]
[SourceVersionDate "2014.11.20"]
[SourceQuality "1"]
[WhiteTeam "Poznan UMKS Na Pieterku U19"]
[BlackTeam "Wroclaw KS Polonia U19 II"]
[WhiteTeamCountry "POL"]
[BlackTeamCountry "POL"]

1. e4 c5 2. Nf3 e6 3. d4 cxd4 4. Nxd4 Nc6 5. Nc3 Qc7 6. Be2 a6 7. 0-0 Nf6 8. Kh1 Bb4 9. Nxc6 bxc6 10. f4 d5 11. e5 Nd7 12. Bd3 Nc5 13. a3 Nxd3 14. Qxd3 Be7 15. Qg3 0-0 16. Bd2 Bb7 17. f5 f6 18. Bh6 Bc5 19. Bf4 exf5 20. exf6 Qd7 21. Be5 g6 22. Ne2 Qf7 23. Rxf5 Kh8 24. Rg5 Rg8 25. Nf4 Rae8 26. Re1 Bc8 27. Qh4 Bf5 28. b4 Rxe5 29. Rxe5 Qxf6 30. Re1 Be7 31. Rxe7 Qxe7 32. Nd3 Rf8 33. h3 Be4 34. Qg3 Bf5 35. Nc5 Qf6 36. Qe3 d4 37. Qd2 Qd6 38. Qe1 Qf6 39. Rg3 Qd6 40. Rf3 a5 41. Qf1 Re8 42. Qc4 d3 43. Nxd3 Bxd3 44. Qc3+ Kg8 45. Rxd3 Qe6 46. bxa5 Rf8 47. Qb3 Qxb3 48. cxb3 Ra8 49. b4 Kf7 50. Rc3 Ra6 51. Rc5 Ke7 52. g4 Kd6 53. Kg2 Ra8 54. Kg3 Ra7 55. h4 Kd7 56. Kf4 Kd6 57. Kg5 Kd7 58. h5 gxh5 59. Kxh5 Kd6 60. Kh6 Rc7 61. a6 Ra7 62. Ra5 Ke6 63. a4 Kd6 64. b5 1-0

[Event "POL-chT3 Wielkopolskie 1314"]
[Site "Poland"]
[Date "2014.02.16"]
[Round "7.8"]
[White "Jarmuzek, Karolina"]
[Black "Wesolowski, Edgar"]
[Result "1/2-1/2"]
[WhiteElo "1685"]
[BlackElo "2001"]
[PlyCount "66"]
[EventDate "2013.10.27"]
[EventType "team-tourn"]
[EventRounds "11"]
[EventCountry "POL"]
[SourceTitle "EXT 2015"]
[Source "ChessBase"]
[SourceDate "2014.11.20"]
[SourceVersion "1"]
[SourceVersionDate "2014.11.20"]
[SourceQuality "1"]
[WhiteTeam "Poznan UMKS Na Pieterku"]
[BlackTeam "Wolsztyn UKS Szach"]
[WhiteTeamCountry "POL"]
[BlackTeamCountry "POL"]

1. e4 c5 2. Nf3 d6 3. d4 cxd4 4. Nxd4 Nf6 5. Nc3 g6 6. Be3 Bg7 7. f3 Nc6 8. Qd2 0-0 9. 0-0-0 d5 10. exd5 Nxd5 11. Nxc6 bxc6 12. Nxd5 cxd5 13. Qxd5 Qc7 14. Qc5 Qb7 15. Qa3 Be6 16. Ba6 Qc6 17. Rd2 Rab8 18. c3 Bf5 19. Bd3 Qe6 20. Bf4 Bxd3 21. Rxd3 Qf5 22. Bxb8 Qxd3 23. Bf4 Rd8 24. Qb3 Bd4 25. Rd1 Be3+ 26. Bxe3 Qxe3+ 27. Kb1 Rd2 28. Rxd2 Qxd2 29. a4 Qxg2 30. Qb8+ Kg7 31. Qxa7 Qxf3 32. a5 Qd1+ 33. Ka2 Qa4+ 1/2-1/2

[Event "POL-chT3 Wielkopolskie 1314"]
[Site "Poland"]
[Date "2013.10.27"]
[Round "1.32"]
[White "Jarmuzek, Karolina"]
[Black "Kaluzny, Lukasz"]
[Result "0-1"]
[WhiteElo "1685"]
[BlackElo "1979"]
[PlyCount "100"]
[EventDate "2013.10.27"]
[EventType "team-tourn"]
[EventRounds "11"]
[EventCountry "POL"]
[SourceTitle "EXT 2015"]
[Source "ChessBase"]
[SourceDate "2014.11.20"]
[SourceVersion "1"]
[SourceVersionDate "2014.11.20"]
[SourceQuality "1"]
[WhiteTeam "Poznan UMKS Na Pieterku"]
[BlackTeam "Poznan Politechnika II"]
[WhiteTeamCountry "POL"]
[BlackTeamCountry "POL"]

1. e4 c5 2. Nf3 Nc6 3. d4 cxd4 4. Nxd4 e5 5. Nb5 a6 6. Nd6+ Bxd6 7. Qxd6 Qf6 8. Qd1 Qg6 9. Nc3 Nf6 10. f3 0-0 11. Be3 b5 12. Qd2 b4 13. Ne2 d5 14. exd5 Rd8 15. d6 Ne8 16. Ng3 Rxd6 17. Bd3 f5 18. Bc5 Rd8 19. 0-0 a5 20. Qe1 Be6 21. Rd1 h5 22. h4 Rd5 23. Bf2 Rad8 24. Qe2 Nd4 25. Bxd4 exd4 26. Nxh5 Qxh5 27. Qxe6+ Kh8 28. Bc4 Nc7 29. Qe1 R5d6 30. Qg3 Nd5 31. Bxd5 Rxd5 32. Rfe1 Qf7 33. Qf2 R5d6 34. Re5 Qxa2 35. Rxf5 a4 36. Qg3 Qxb2 37. Rf7 d3 38. cxd3 Qd4+ 39. Kh2 R6d7 40. Rxd7 Rxd7 41. Qg5 Rd5 42. Qg6 Qe5+ 43. Kg1 a3 44. d4 Qe3+ 45. Kf1 a2 46. Qf7 Qxd4 47. Rxd4 a1Q+ 48. Ke2 Qxd4 49. h5 Re5+ 50. Kf1 Qd1+ 0-1

[Event "Olsztyn op U18 blitz"]
[Site "Olsztyn"]
[Date "2013.08.04"]
[Round "19"]
[White "Jarmuzek, Karolina"]
[Black "Dziodzio, Angelika"]
[Result "0-1"]
[WhiteElo "1673"]
[BlackElo "1937"]
[PlyCount "126"]
[EventDate "2013.08.03"]
[EventType "swiss (blitz)"]
[EventRounds "22"]
[EventCountry "POL"]
[SourceTitle "CBM 155 Extra"]
[Source "ChessBase"]
[SourceDate "2013.08.26"]
[SourceVersion "1"]
[SourceVersionDate "2013.08.26"]
[SourceQuality "1"]

1. e4 c5 2. Nf3 d6 3. d4 cxd4 4. Nxd4 Nf6 5. Nc3 Nc6 6. Bg5 Qa5 7. Bxf6 gxf6 8. Nb3 Qg5 9. Qd2 Qxd2+ 10. Nxd2 Bh6 11. 0-0-0 Bd7 12. Kb1 Rc8 13. f3 Rg8 14. Nb3 a6 15. g4 Ne5 16. Be2 b5 17. Nd5 Bc6 18. Na5 Bxd5 19. Rxd5 Nd7 20. Rdd1 Bf4 21. h4 Nc5 22. Nb3 Nd7 23. Nd4 e6 24. Bd3 Nc5 25. Ne2 Bh6 26. c3 Nxd3 27. Rxd3 Ke7 28. Rhd1 Rcd8 29. Nd4 Kd7 30. Nc2 Kc7 31. Nb4 a5 32. Nc2 Bf4 33. h5 f5 34. exf5 exf5 35. Rd4 Be5 36. Rd5 fxg4 37. fxg4 Rb8 38. Ne3 a4 39. Nf5 Rb6 40. Ne3 h6 41. Kc2 Rg5 42. R1d2 Bf4 43. Rxg5 Bxg5 44. Nd5+ Kc6 45. Nxb6 Bxd2 46. Kxd2 Kxb6 47. Kd3 Kc5 48. b3 axb3 49. axb3 Kd5 50. c4+ bxc4+ 51. bxc4+ Ke5 52. Ke3 f6 53. Kf3 Kd4 54. Kf4 Kxc4 55. Kf5 d5 56. Kxf6 d4 57. g5 d3 58. gxh6 d2 59. h7 d1Q 60. h8Q Qa1+ 61. Kg6 Qxh8 62. h6 Kd5 63. h7 Ke5 0-1

[Event "Olsztyn op U18 blitz"]
[Site "Olsztyn"]
[Date "2013.08.04"]
[Round "13"]
[White "Lach, Aleksandra"]
[Black "Jarmuzek, Karolina"]
[Result "1-0"]
[WhiteElo "1699"]
[BlackElo "1673"]
[PlyCount "55"]
[EventDate "2013.08.03"]
[EventType "swiss (blitz)"]
[EventRounds "22"]
[EventCountry "POL"]
[SourceTitle "CBM 155 Extra"]
[Source "ChessBase"]
[SourceDate "2013.08.26"]
[SourceVersion "1"]
[SourceVersionDate "2013.08.26"]
[SourceQuality "1"]

1. e4 c5 2. Nf3 Nc6 3. d3 d6 4. Nbd2 e5 5. g3 g6 6. Bg2 Bg7 7. 0-0 Nge7 8. c3 0-0 9. Nc4 b5 10. Ne3 Be6 11. Ng5 Rc8 12. Nxe6 fxe6 13. Qb3 Kh8 14. Qxe6 Rf6 15. Qh3 Qc7 16. Ng4 Rf7 17. Bh6 Rcf8 18. Bxg7+ Rxg7 19. f4 Qc8 20. fxe5 dxe5 21. Ne3 Qxh3 22. Rxf8+ Rg8 23. Rxg8+ Kxg8 24. Bxh3 Kg7 25. Rf1 a6 26. Nd5 Nxd5 27. exd5 Ne7 28. d6 1-0

[Event "Olsztyn op U18 blitz"]
[Site "Olsztyn"]
[Date "2013.08.03"]
[Round "1"]
[White "Starczewska, Dominika"]
[Black "Jarmuzek, Karolina"]
[Result "0-1"]
[WhiteElo "1680"]
[BlackElo "1673"]
[PlyCount "89"]
[EventDate "2013.08.03"]
[EventType "swiss (blitz)"]
[EventRounds "22"]
[EventCountry "POL"]
[SourceTitle "CBM 155 Extra"]
[Source "ChessBase"]
[SourceDate "2013.08.26"]
[SourceVersion "1"]
[SourceVersionDate "2013.08.26"]
[SourceQuality "1"]

1. f4 d5 2. g3 c6 3. Bg2 Nf6 4. Nf3 Bf5 5. 0-0 h6 6. d3 e6 7. c3 Nbd7 8. Qe1 Bc5+ 9. d4 Bb6 10. Nbd2 0-0 11. Ne5 c5 12. e3 Rc8 13. Kh1 Bh7 14. Ndf3 Ne4 15. Nxd7 Qxd7 16. Ne5 Qe7 17. g4 f6 18. Nf3 Bc7 19. Bh3 Rcd8 20. Qh4 Qe8 21. Bd2 cxd4 22. exd4 e5 23. f5 Rc8 24. Rae1 Kh8 25. Re2 Bg8 26. Bg2 Bb6 27. g5 fxg5 28. Nxg5 Nxg5 29. Bxg5 Bh7 30. Bd2 Rxf5 31. Rxf5 Bxf5 32. Rxe5 Qg6 33. Qf4 Bd7 34. Qg3 Qf6 35. Re1 Bc7 36. Qf3 Qg6 37. Qe2 Bg4 38. Qf2 Qh5 39. Qg1 Rf8 40. Be3 Bg3 41. Rf1 Rxf1 42. Bxf1 Bf3+ 43. Bg2 Bc7 44. Bxf3 Qxf3+ 45. Qg2 0-1

[Event "Olsztyn op U18 rapid"]
[Site "Olsztyn"]
[Date "2013.08.01"]
[Round "1"]
[White "Leks, Maria"]
[Black "Jarmuzek, Karolina"]
[Result "1-0"]
[WhiteElo "2093"]
[BlackElo "1673"]
[PlyCount "75"]
[EventDate "2013.08.01"]
[EventType "swiss (rapid)"]
[EventRounds "11"]
[EventCountry "POL"]
[SourceTitle "CBM 155 Extra"]
[Source "ChessBase"]
[SourceDate "2013.08.26"]
[SourceVersion "1"]
[SourceVersionDate "2013.08.26"]
[SourceQuality "1"]

1. e4 c5 2. Nf3 Nc6 3. d4 cxd4 4. Nxd4 Nf6 5. Nc3 d6 6. Bg5 e6 7. Qd2 a6 8. f4 Be7 9. 0-0-0 Nxd4 10. Qxd4 0-0 11. Be2 b5 12. g4 Rb8 13. e5 dxe5 14. Qa7 Rb7 15. Qxa6 Rd7 16. Qxb5 exf4 17. Bxf4 Bd6 18. Bxd6 Rxd6 19. Qe5 Rxd1+ 20. Rxd1 Qb6 21. g5 Nd7 22. Qe4 Nc5 23. Qf4 Bb7 24. Qd6 Qxd6 25. Rxd6 Ne4 26. Nxe4 Bxe4 27. a4 Rc8 28. c3 Bd5 29. a5 f6 30. gxf6 gxf6 31. a6 f5 32. Kd2 Kf7 33. Rd7+ Kg6 34. b4 f4 35. b5 f3 36. Bd3+ Kf6 37. b6 Bc6 38. Rc7 1-0

[Event "POL-ch U18 Girls"]
[Site "Szczyrk"]
[Date "2013.??.??"]
[Round "8"]
[White "Rykala, Monika"]
[Black "Jarmuzek, Karolina"]
[Result "1/2-1/2"]
[WhiteElo "1874"]
[BlackElo "1568"]
[PlyCount "152"]
[EventDate "2013.03.17"]
[EventType "swiss"]
[EventRounds "9"]
[EventCountry "POL"]
[SourceTitle "CBM 153 Extra"]
[Source "ChessBase"]
[SourceDate "2013.04.22"]
[SourceVersion "1"]
[SourceVersionDate "2013.04.22"]
[SourceQuality "1"]

1. d4 d5 2. e3 Nf6 3. Nf3 e6 4. b3 Be7 5. Bd3 0-0 6. Bb2 b6 7. Qe2 Bb7 8. 0-0 Nbd7 9. Nbd2 Ne4 10. Ne5 Nxd2 11. Qxd2 Bd6 12. f4 f5 13. Qe2 Nf6 14. Rf3 Qe7 15. Raf1 Bxe5 16. dxe5 Ne4 17. Rh3 h6 18. g4 Rf7 19. g5 hxg5 20. Qh5 Rff8 21. Bxe4 fxe4 22. Qh8+ Kf7 23. fxg5+ Ke8 24. Rxf8+ Qxf8 25. Qxf8+ Kxf8 26. g6 c5 27. Rh8+ Ke7 28. Rxa8 Bxa8 29. Kf2 Bc6 30. h4 Be8 31. h5 Kd8 32. Kg3 Ke7 33. Kf4 Kf8 34. a3 Bd7 35. Bc3 Be8 36. Be1 Bb5 37. b4 c4 38. Kg5 Ba4 39. c3 Be8 40. Bh4 Kg8 41. Kf4 Kf8 42. Bg5 Kg8 43. Be7 Kh8 44. Bd6 Bd7 45. Be7 Be8 46. Bd8 Kg8 47. Bc7 Bd7 48. Bb8 a6 49. Bd6 Be8 50. Be7 Bd7 51. Kg5 Be8 52. Kg4 Bd7 53. Bg5 Be8 54. Bf4 Kh8 55. Kg5 Kg8 56. Bg3 Kh8 57. Bh4 Kg8 58. h6 gxh6+ 59. Kf6 Bd7 60. Ke7 Bc8 61. Kd6 Bb7 62. Kxe6 Bc8+ 63. Kf6 Bd7 64. e6 Be8 65. Kf5 b5 66. Bf6 h5 67. Ke5 Bxg6 68. Kxd5 Kf8 69. Kd6 Ke8 70. Bh4 Bf5 71. Ke5 Bg4 72. Kf6 Bh3 73. Ke5 Bg4 74. Kd6 Bf5 75. Kd5 Bg4 76. Kd6 Bf5 1/2-1/2

[Event "Poznan op 20th"]
[Site "Poznan"]
[Date "2011.07.23"]
[Round "8"]
[White "Simon, Marek"]
[Black "Jarmuzek, Karolina"]
[Result "1-0"]
[WhiteElo "1819"]
[BlackElo "1559"]
[PlyCount "120"]
[EventDate "2011.07.16"]
[EventType "swiss"]
[EventRounds "9"]
[EventCountry "POL"]
[SourceTitle "CBM 143 Extra"]
[Source "ChessBase"]
[SourceDate "2011.08.29"]
[SourceVersion "1"]
[SourceVersionDate "2011.08.29"]
[SourceQuality "1"]

1. d4 d5 2. c4 c6 3. Nf3 Nf6 4. Nc3 dxc4 5. a4 Bf5 6. e3 e6 7. Bxc4 Be7 8. Nh4 Bg4 9. Qb3 Qc7 10. h3 Bh5 11. Bd2 Nd5 12. Nf3 Bxf3 13. gxf3 Nd7 14. Rc1 Nxc3 15. Bxc3 Nb6 16. Ba5 0-0 17. 0-0 Qd7 18. Bxb6 axb6 19. Qc2 Bf6 20. f4 Rfc8 21. b3 h6 22. Qe2 c5 23. dxc5 bxc5 24. Qh5 Qe7 25. Kh1 Kf8 26. Rg1 b6 27. Rg2 Qb7 28. f5 e5 29. e4 Qc7 30. Rgg1 Ra7 31. Rcd1 Rd8 32. Rxd8+ Qxd8 33. Rd1 Qe7 34. Bb5 Bh4 35. Rd2 Qg5 36. Qe2 Qe7 37. Rd5 Bf6 38. Qd2 Rb7 39. Rd6 Qc7 40. Qd5 Qb8 41. Bc4 Rc7 42. Rd7 Rxd7 43. Qxd7 Kg8 44. Qxf7+ Kh8 45. Kg2 Qd8 46. Qe6 Qb8 47. Bd5 Qd8 48. Kg3 Bh4+ 49. Kf3 Bf6 50. Kg4 Qb8 51. h4 Kh7 52. h5 Kh8 53. Kf3 Bg5 54. Ke2 Bc1 55. Kd1 Bb2 56. f6 Qf8 57. f7 Ba3 58. Qxb6 c4 59. bxc4 Bc5 60. Qe6 Bd4 1-0